La educación encierra un tesoro (Record no. 10720)

MARC details
000 -LEADER
campo de control de longitud fija 01592nmc a2200433 a 4500
003 - IDENTIFICADOR DE NÚMERO DE CONTROL
campo de control AR-BaBNM
005 - FECHA Y HORA DE LA ÚLTIMA TRANSACCIÓN
campo de control 20251128205300.0
008 - DATOS DE LONGITUD FIJA--INFORMACIÓN GENERAL
campo de control de longitud fija 127019s1996 ||||||||||||||000 | spa||
020 ## - NÚMERO INTERNACIONAL ESTÁNDAR DEL LIBRO
Número Internacional Estándar del Libro 84-294-4978-7
040 ## - FUENTE DE CATALOGACIÓN
Centro/agencia transcriptor AR-BaBNM
245 10 - MENCIÓN DEL TÍTULO
Título La educación encierra un tesoro
Resto del título informe a la Unesco de la Comisión Internacional sobre la educación para el siglo XXI presidida por Jacques Delors
260 ## - PUBLICACIÓN, DISTRIBUCIÓN, ETC.
Lugar de publicación, distribución, etc. Madrid
Nombre del editor, distribuidor, etc. Unesco
-- Santillana
Fecha de publicación, distribución, etc. 1996
300 0# - DESCRIPCIÓN FÍSICA
Extensión 318 p.
Otros detalles físicos tablas, diagr.
490 #0 - MENCIÓN DE SERIE
Mención de serie Aula XXI
Designación de volumen o secuencia v. 64
500 1# - NOTA GENERAL
Nota general El director general de la Unesco, el Sr. Federico Mayor convocó a una Comisión Especial cuyo objetivo fué reflexionar sobre la educación y el aprendizaje en el siglo XXI. Dicha comisión fué establecida oficialmente a principios de 1993. El tema debía abar
650 #4 - PUNTO DE ACCESO ADICIONAL DE MATERIA--TÉRMINO DE MATERIA
Término de materia o nombre geográfico como elemento de entrada POLITICA EDUCATIVA
650 #4 - PUNTO DE ACCESO ADICIONAL DE MATERIA--TÉRMINO DE MATERIA
Término de materia o nombre geográfico como elemento de entrada PROSPECCION EDUCACIONAL
650 #4 - PUNTO DE ACCESO ADICIONAL DE MATERIA--TÉRMINO DE MATERIA
Término de materia o nombre geográfico como elemento de entrada DEMOCRATIZACION DE LA EDUCACION
650 #4 - PUNTO DE ACCESO ADICIONAL DE MATERIA--TÉRMINO DE MATERIA
Término de materia o nombre geográfico como elemento de entrada SIGLO VEINTIUNO
650 #4 - PUNTO DE ACCESO ADICIONAL DE MATERIA--TÉRMINO DE MATERIA
Término de materia o nombre geográfico como elemento de entrada FINALIDADES DE LA EDUCACION
650 #4 - PUNTO DE ACCESO ADICIONAL DE MATERIA--TÉRMINO DE MATERIA
Término de materia o nombre geográfico como elemento de entrada DESCENTRALIZACION
650 #4 - PUNTO DE ACCESO ADICIONAL DE MATERIA--TÉRMINO DE MATERIA
Término de materia o nombre geográfico como elemento de entrada CALIDAD DE LA EDUCACION
650 #4 - PUNTO DE ACCESO ADICIONAL DE MATERIA--TÉRMINO DE MATERIA
Término de materia o nombre geográfico como elemento de entrada IGUALDAD DE EDUCACION
650 #4 - PUNTO DE ACCESO ADICIONAL DE MATERIA--TÉRMINO DE MATERIA
Término de materia o nombre geográfico como elemento de entrada EDUCACION MULTICULTURAL
650 #4 - PUNTO DE ACCESO ADICIONAL DE MATERIA--TÉRMINO DE MATERIA
Término de materia o nombre geográfico como elemento de entrada TECNOLOGIA DE LA INFORMACION
653 #0 - TÉRMINO DE INDIZACIÓN--NO CONTROLADO
Término no controlado NUEVAS TECNOLOGIAS
700 1# - ENTRADA AGREGADA--NOMBRE PERSONAL
Nombre de persona Delors, Jacques
Término indicativo de función/relación coordinador
700 1# - ENTRADA AGREGADA--NOMBRE PERSONAL
Nombre de persona Al Mufti, In'am
700 1# - ENTRADA AGREGADA--NOMBRE PERSONAL
Nombre de persona Amagi, Isao
700 1# - ENTRADA AGREGADA--NOMBRE PERSONAL
Nombre de persona Carneiro, Roberto
700 1# - ENTRADA AGREGADA--NOMBRE PERSONAL
Nombre de persona Chung, Fay
700 1# - ENTRADA AGREGADA--NOMBRE PERSONAL
Nombre de persona Geremek, Bronislaw
700 1# - ENTRADA AGREGADA--NOMBRE PERSONAL
Nombre de persona Kornhauser, Aleksandra
700 1# - ENTRADA AGREGADA--NOMBRE PERSONAL
Nombre de persona Padrón Quero, Marisela
700 1# - ENTRADA AGREGADA--NOMBRE PERSONAL
Nombre de persona Singh, Karan
700 1# - ENTRADA AGREGADA--NOMBRE PERSONAL
Nombre de persona Suhr, Myong Won
942 ## - ELEMENTOS DE ENTRADA SECUNDARIOS (KOHA)
Tipo de ítem Koha Libros
998 ## - INFORMACIÓN DE CONTROL LOCAL (RLIN)
Iniciales del catalogador, CIN (RLIN) SILVI
Holdings
Estatus retirado Estado de pérdida Fuente de la clasificación o esquema de estantería Estado de daño No para préstamo Biblioteca de origen Biblioteca actual Fecha de adquisición Total de préstamos Signatura topográfica completa Código de barras Visto por última vez Precio de reemplazo Tipo de ítem Koha
    Clasificación Decimal Dewey     Liberty Liberty 28/11/2025   37.014 DEL 106078 28/11/2025 28/11/2025 Libros
    Clasificación Decimal Dewey     Liberty Liberty 28/11/2025   37.014 DEL 115855 28/11/2025 28/11/2025 Libros